|
|
|
|
| LEADER |
00742nam a22002297a 4500 |
| 001 |
AAL7792 |
| 003 |
BD-DhAAL |
| 005 |
20160325202532.0 |
| 008 |
160325m20001999nyu||||| |||| 00| 0 eng d |
| 020 |
|
|
|a 0425172996
|
| 040 |
|
|
|a BD-DhAAL
|c BD-DhAAL
|
| 082 |
|
|
|a 813/.54
|
| 100 |
|
|
|a Cook, Robin
|9 18792
|
| 245 |
|
|
|a Vector /
|c Robin Cook
|
| 260 |
|
|
|a New York :
|b Putnam,
|c c1999.
|
| 300 |
|
|
|a 395 p. ;
|c 18 cm.
|
| 541 |
|
|
|e 7792
|
| 650 |
|
|
|a Biological weapons
|v Fiction
|9 18793
|
| 852 |
|
|
|a Savar Campus Library
|c General Shelf
|
| 942 |
|
|
|2 ddc
|c BK
|
| 999 |
|
|
|c 37223
|d 37223
|
| 952 |
|
|
|0 0
|1 0
|2 ddc
|4 0
|6 813_000000000000000__54_COO
|7 0
|9 58515
|a SCL
|b SCL
|c GEN
|d 2016-03-25
|e Gift:
|l 10
|m 37
|o 813.54 COO
|p 3020007792
|r 2020-03-10
|s 2020-02-18
|t 1
|w 2016-03-25
|y BK
|